000
00307nam a22001337a 4500
008
170608b xxu||||| |||| 00| 0 eng d
020
_a
0275932079
041
_a
eng
080
_2
2ND
_a
94(7/8)
100
_a
18
101
_a
SHH
245
_a
U.S. LATIN AMERICAN RELATIONS
_c
KRYZANEK,M,J
942
_2
udc
_c
BK
999
_c
16592
_d
16592